| 000 | 01627nam a2200361 c 4500 | ||
|---|---|---|---|
| 003 | BLK | ||
| 005 | 20240417154826.0 | ||
| 008 | 180409b bul|||||r ||||||| ||bul|| | ||
| 010 | _aKNG00118933000 | ||
| 020 |
_a978-954-771-248-5 _bиздат.: Кръгозор - на том(кн. 1) |
||
| 040 | _aBLK | ||
| 041 |
_aBUL _cBUL |
||
| 072 | 7 |
_2bullib _aН8302 _xФантастика Н |
|
| 080 |
_aАмериканска литература (на САЩ) _b821.111(73) _x-312.9 _z821.111(73)-312.9 |
||
| 100 | 1 |
_aТиърнан, Кейт _eпърви автор _gШарбоне, Габриел _9129055 |
|
| 700 |
_aМичева, Паулина Стойчева _9368043 |
||
| 700 | 1 |
_aШарбоне, Габриел _e* _9312929 |
|
| 139 |
_aТиърнан, Кейт _bТ 61 |
||
| 245 | 1 | 0 |
_aБезсмъртна любима _bТрилогия _cКейт Тиърнан; прев. Паулина Стойчева Мичева; * Габриел Шарбоне. _nКн. 1 _pВечен живот |
| 257 | _aUSA | ||
| 260 |
_аСофия _c2011 - _fСофия : Авис 24 |
||
| 300 | _c21 см | ||
| 380 | _aX | ||
| 500 | _aОриг. загл. Immortal beloved / Gabrielle Charbonnet. - Истинското име на авт. е Габриел Шарбоне. | ||
| 659 | _aН | ||
| 760 | 1 |
_3- на том(кн. 1) _aТиърнан, Кейт _dКръгозор, 2011 _h296 с. _tКн. 1 Вечен живот |
|
| 852 | _aЦб 255485 | ||
| 856 | 4 |
_qpdf _u |
|
| 856 | 4 |
_qpdf _u |
|
| 942 |
_cKNG _n0 _02 |
||
| 944 |
_aCR _c20.06.2012 _lГеновева Генчева _k30560 |
||
| 944 |
_aED _c22.02.2013 _lф / _k |
||
| 999 |
_c113524 _d113524 |
||